Catalog

Record Details

Catalog Search



Available copies

  • 1 of 1 copy available at LARL/NWRL Consortium.

Current holds

0 current holds with 1 total copy.

Show Only Available Copies
Location Call Number / Copy Notes Barcode Shelving Location Status Due Date
Greenbush Public Library ya FIT (Text) 35500006754061 Main Available -

Record details

  • ISBN: 9781943959297
  • ISBN: 1943959293
  • Physical Description: 298 pages : map ; 22 cm
  • Publisher: White Salmon, WA : Mountain Brook Ink, [2017]
Subject: Sasquatch > Fiction.
Portland (Or.) > Fiction.
Sasquatch > Juvenile fiction.
Portland (Or.) > Juvenile fiction.
Sasquatch.
Oregon > Portland.
Genre: Fantasy fiction.
Fiction.
Juvenile works.
Paranormal fiction.
Paranormal fiction.
Fantasy fiction.
LDR 01717cam a2200445 i 4500
001429558
003LARL_NWRL_CONSORTIUM
00520240111165557.0
008180605s2017 waub d 000 f eng d
040 . ‡aYEP ‡beng ‡erda ‡cYEP ‡dOCLCF ‡dOCLCQ ‡dOCLCO ‡dOCLCL
020 . ‡a9781943959297 ‡q(trade pbk.)
020 . ‡a1943959293 ‡q(trade pbk.)
035 . ‡a(OCoLC)1038786582
043 . ‡an-us-or
1001 . ‡aFitzGerald, Heather L. L., ‡eauthor.
24514. ‡aThe Genesis tree / ‡cby Heather L.L. FitzGerald.
264 1. ‡aWhite Salmon, WA : ‡bMountain Brook Ink, ‡c[2017]
264 4. ‡c©2017
300 . ‡a298 pages : ‡bmap ; ‡c22 cm
336 . ‡atext ‡btxt ‡2rdacontent
337 . ‡aunmediated ‡bn ‡2rdamedia
338 . ‡avolume ‡bnc ‡2rdacarrier
4900 . ‡aTethered World Chronicles ; ‡v3
650 0. ‡aSasquatch ‡vFiction.
651 0. ‡aPortland (Or.) ‡vFiction. ‡0(LARL_NWRL_CONSORTIUM)166579
650 0. ‡aSasquatch ‡vJuvenile fiction.
651 0. ‡aPortland (Or.) ‡vJuvenile fiction.
650 7. ‡aSasquatch. ‡2fast ‡0(LARL_NWRL_CONSORTIUM)30240
651 7. ‡aOregon ‡zPortland. ‡2fast
655 7. ‡aFantasy fiction. ‡2fast
655 7. ‡aFiction. ‡2fast
655 7. ‡aJuvenile works. ‡2fast
655 7. ‡aParanormal fiction. ‡2fast
655 7. ‡aParanormal fiction. ‡2lcgft
655 7. ‡aFantasy fiction. ‡2lcgft
901 . ‡a429558 ‡bAUTOGEN ‡c429558 ‡tbiblio

Additional Resources